Giorgio Gaber - Statistics

Statistiche generali
  • Questo quiz è stato fatto 33 volte
  • Il punteggio medio è 7 su 15
Statistiche sulle risposte
Indizio Canzone % Corretto
"Voglio essere libero, libero come un uomo Vorrei essere libero come un uomo" La Libertà
92%
"Tutti noi ce la prendiamo con la storia ma io dico che la colpa è nostra" Destra-Sinistra
68%
"Io se fossi Dio E io potrei anche esserlo" Io se fossi Dio
60%
"Il suo nome era Cerutti Gino Ma lo chiamavan Drago" La ballata del Cerutti
60%
"Una brutta giornata chiuso in casa a pensare" Lo Shampoo
60%
"Io sono un uomo nuovo
Talmente nuovo che è da tempo
Che non sono neanche più fascista"
Il conformista
56%
"Uuuh, che noia qui al bar, che noia la sera, la sera vedersi qui al bar" Il Riccardo
48%
"Vi presento la mia famiglia Non si trucca, non si imbroglia È la più disgraziata d'Italia" La strana famiglia
48%
"Vivere, non riesco a vivere
Ma la mente mi autorizza a credere
Che una storia mia, positiva o no
È qualcosa che sta dentro alla realtà"
Far finta di essere sani
44%
"Non arrossire Quando ti guardo" Non arrossire
44%
"Cari cari polli di allevamento Coi vostri stivaletti gialli e le vostre canzoni" Polli d'allevamento
44%
"Quand'ero piccolo non stavo mica bene Ero anche magrolino, avevo sempre qualche allucinazione" I Borghesi
32%
"I soli sono individui strani Con il gusto di sentirsi soli fuori dagli schemi" I Soli
32%
"Mi ricordo la mia meraviglia e forse l'allegria Di guardare a quei pochi che rinunciavano a tutto" Quando è moda è moda
16%
"Il fascino di un atelier pieno di mèche di profumi e sorrisi Armani Dolce e Gabbana Valentino" I Barbari
8%
Nessun quiz corrispondente trovato
Distribuzione punteggi
Percentuale di utenti per punteggio
Percentile per numero di risposta
I tuoi punteggi nel tempo
Non hai fatto questo quiz